ਸੁਲਘਦਾ ਲਾਵਾ : (Record no. 110183)

MARC details
000 -LEADER
fixed length control field 00972nam a22002537a 4500
005 - DATE AND TIME OF LATEST TRANSACTION
control field 20170123164148.0
010 ## - LIBRARY OF CONGRESS CONTROL NUMBER
LC control number A-978337
020 ## - INTERNATIONAL STANDARD BOOK NUMBER
Terms of availability 80.00
035 ## - SYSTEM CONTROL NUMBER
System control number A-978337
037 ## - SOURCE OF ACQUISITION
Source of stock number/acquisition Cen Lib/Ret
040 ## - CATALOGING SOURCE
Original cataloging agency DPL
Language of cataloging PN
082 ## - DEWEY DECIMAL CLASSIFICATION NUMBER
Classification number 851
Item number ਹਰਬੰ
100 ## - MAIN ENTRY--PERSONAL NAME
Personal name ਹਰਬੰਸ ਲਾਲ ਬੱਧਣ
9 (RLIN) 8394
245 ## - TITLE STATEMENT
Title ਸੁਲਘਦਾ ਲਾਵਾ :
Statement of responsibility, etc ਹਰਬੰਸ ਲਾਲ ਬੱਧਣ
Remainder of title ਕਵਿਤਾਵਾਂ
246 ## - VARYING FORM OF TITLE
Title proper/short title Sulghada lawa : poetry /
Remainder of title by Harbans Singh Baddan
260 ## - PUBLICATION, DISTRIBUTION, ETC. (IMPRINT)
Place of publication, distribution, etc ਦਿੱਲੀ
Name of publisher, distributor, etc ਔਚ. ਕੇ. ਪ੍ਰਕਾਸ਼ਨ
Date of publication, distribution, etc 2000
270 ## - ADDRESS
Address 16/16 (1st Floor), ਗੀਤਾ ਕਾਲੋਨੀ,
City ਦਿੱਲੀ
Postal code 110031
300 ## - PHYSICAL DESCRIPTION
Extent 84p.
Dimensions 22cm(Hb)
650 ## - SUBJECT ADDED ENTRY--TOPICAL TERM
Topical term or geographic name as entry element ਸਾਹਿਤ--ਪੰਜਾਬੀ
9 (RLIN) 124481
650 ## - SUBJECT ADDED ENTRY--TOPICAL TERM
Topical term or geographic name as entry element ਪੰਜਾਬੀ -- ਕਵਿਤਾਆਂ
9 (RLIN) 124482
650 ## - SUBJECT ADDED ENTRY--TOPICAL TERM
Topical term or geographic name as entry element Literature--Punjabi
9 (RLIN) 124483
650 ## - SUBJECT ADDED ENTRY--TOPICAL TERM
Topical term or geographic name as entry element Punjabi -- Poetry
9 (RLIN) 124484
942 ## - ADDED ENTRY ELEMENTS (KOHA)
Source of classification or shelving scheme Dewey Decimal Classification
Koha item type Punjabi Bks
Classification part 851
Call number suffix ਹਰਬੰ
Holdings
Withdrawn status Lost status Damaged status Not for loan Home library Current library Date acquired Source of acquisition Cost, normal purchase price Total Checkouts Full call number Barcode Date last seen Copy number Cost, replacement price Price effective from Koha item type
        Central Library Central Library 15/01/2016 Cen Lib/Ret 80.00   851 ਹਰਬੰ A-978337 15/01/2016 1 80.00 15/01/2016 Punjabi Bks

© Delhi Public Library
Hit Counter
free hit counter